Magyar-román vasúti tanácskozás Szegeden

Elmentve itt :
Bibliográfiai részletek
Dokumentumtípus: Cikk
Megjelent: 1978-01-31
Sorozat:Délmagyarország 69 No. 25
Kulcsszavak:vasutak, MÁV
Online Access:http://dmarchiv.bibl.u-szeged.hu/110271
LEADER 00413nab a2200145 i 4500
001 delm110271
005 20190520120423.0
008 190520s1978 hu o 0|| hun d
040 |a SZTE Délmagyarország Archívum  |b hun 
041 |a hun 
245 0 0 |a Magyar-román vasúti tanácskozás Szegeden  |h [elektronikus dokumentum] 
260 |c 1978-01-31 
300 |a 3 
490 0 |a Délmagyarország  |v 69 No. 25 
695 |a vasutak, MÁV